000 00720nam a22002297a 4500
999 _c61
_d61
003 AR-CdUCM
008 190221b ||||| |||| 00| 0 spa d
040 _aMUNICIPALIDAD PROVINCIAL DEL CUSCO
_cBIBLIOTECA MUNICIPAL DEL CUSCO
082 _a869.56 /
_bT73
100 _aTorres, Dagoberto
_9293
245 _aSinforoso Benites /
260 _aPerú :
_bEl Libro Amigo SRL,
_c1990.
300 _a112 páginas ;
_c21 cm.
505 _aLa estirpe ayabaquina -- Los cerritos -- Los pajaritos -- Del municipio al cuartel ...
650 _aPerú.
_935
650 _aRelato.
_9294
650 _aSoldado.
_9295
650 _aLuchador social.
_9296
650 _aTrujillo.
_9297
942 _2ddc
_cLIBROS
945 _amvr
_d2019-02-21